| 000 | 00433nam a22001697a 4500 | ||
|---|---|---|---|
| 003 | NUST - PNEC | ||
| 005 | 20170116180830.0 | ||
| 008 | 150730b xxu||||| |||| 00| 0 eng d | ||
| 020 | _a9788131717400 | ||
| 040 | _cLIBRARY | ||
| 082 | _a519.4 519.4 | ||
| 100 |
_94589 _a Gerald, Curtis F. |
||
| 245 |
_aApplied numerical analysis _c Gerald Curtis |
||
| 250 | _a7th ed | ||
| 650 |
_94591 _aNumerical analysis _xME |
||
| 942 |
_2ddc _cBK |
||
| 999 |
_c64003 _d64003 |
||